LEADER 00951nam a2200217 i 4500 001 000000110150 003 CaOOAMICUS 005 20170622000000.0 008 170622s1832 it u000 u ita u 013 $a82831 040 $aSeMil$bita 100 1 $aFontana, Antonio,$d<1784-1865>.$0(OLS)http://semarc/name/13291 245 10$aManuale per le sorvegliatrici e per le assistenti nella pia opera di Santa Dorotea ... :$boperetta /$ccompilata dall'abate Antonio Fontana. 260 $aBergamo :$bStamperia Mazzoleni,$c1832. 300 $a261 p. ;$c14 cm. 850 $aSeMil 852 $aSeMil$W1$xVenegono$y1$m2ZB VI 25 FA$j66064$B66064$CSeMilBibl$Z2$F73113 $8I 941 1 $a10 961 $aRecupero: Mantegazza 996 $6245$aManuale per le sorvegliatrici e per le assistenti nella pia opera di Santa Dorotea ... :$boperetta$9(OLS)http://semarc/title/407500 996 $6260$aBergamo :$bStamperia Mazzoleni$9(OLS)http://semarc/publisher/35029 LEADER 00978nam a2200217 i 4500 001 000000008896 003 CaOOAMICUS 005 20180830125439.0 008 180830s1996 it u000 u ita u 040 $aSeMil$bita 100 1 $aAsiani, Andrea <1930->.$0(OLS)http://semarc/name/784 245 10$aGenesi 1-11 :$blettura continua con 10 riflessioni e rilettura Cristologica /$cAndrea Asiani. 260 $aPessano con Bornago (MI) :$bMimep-Docete,$ccopyr. 1996. 300 $a2 v. ;$c21 cm. 500 $aFondo Card. C.M. Martini. 650 4$aBibbia. Antico Testamento. Genesi, 1-11.$0(OLS)http://semarc/subject/1393 774 0 $tPer i gruppi di ascolto della Parola.$w()113218 774 0 $tAnimatori dei Gruppi di Ascolto della Parola.$w()113219 941 1 $a4 996 $6245$aGenesi 1-11 :$blettura continua con 10 riflessioni e rilettura Cristologica$9(OLS)http://semarc/title/11764 996 $6260$aPessano con Bornago (MI) :$bMimep-Docete$9(OLS)http://semarc/publisher/30068